00331nam a22001097a 450000500170000000800410001704000130005808200200007124500770009126000420016830000110021020220113153448.0191231b ||||| |||| 00| 0 eng d cPK-LaUMT a346.00264bUNC- aUnclassified cases [UC, Vol. XX, 1999]cedited by M. Farani. . .[et al.] aLahore:bNational Law Reporter,c1999 a792 p.